000
00268nam a2200109Ia 4500
008
200302s9999 xx 000 0 und d
100
_a
Shivsharan Sharma
245
_a
Gotechnical earthquake engineering
260
_b
Random Publications
260
_c
2017
300
_a
312
999
_c
6447
_d
6447